书目信息 |
| 题名: |
人工湿地污水处理理论与技术
|
|
| 作者: | 王世和 著 | |
| 分册: | ||
| 出版信息: | 北京 科学出版社 2007 |
|
| 页数: | 246页 | |
| 开本: | 24cm | |
| 丛书名: | ||
| 单 册: | ||
| 中图分类: | P941.78 , X703 | |
| 科图分类: | ||
| 主题词: | 沼泽化地--污水处理 , 沼泽化地 , 污水处理 | |
| 电子资源: | ||
| ISBN: | 978-7-03-018740-6 | |
| 000 | 01068nam0 2200337 450 | |
| 001 | 003456396 | |
| 005 | 20070805110159.06 | |
| 010 | @a978-7-03-018740-6@dCNY45.00 | |
| 035 | @a003456396 | |
| 100 | @a20070327d2007 em y0chiy0110 ea | |
| 101 | 0 | @achi |
| 102 | @aCN@b110000 | |
| 105 | @aa z 000yy | |
| 106 | @ar | |
| 200 | 1 | @a人工湿地污水处理理论与技术@Aren gong shi di wu shui chu li li lun yu ji shu@f王世和著@Fwang shi he zhu |
| 210 | @a北京@c科学出版社@d2007 | |
| 215 | @a246页@c图@d24cm | |
| 330 | @a本书共分八章,内容包括:人工湿地的植物与功能、微生物与功能、人工湿地的基质条件与功能、污染物的迁移与转化、人工湿地的处理原理、强化处理技术、人工湿地的设计、建造与管理等。 | |
| 606 | 0 | @a沼泽化地@x污水处理 |
| 606 | 0 | @a沼泽化地 |
| 606 | 0 | @a污水处理 |
| 610 | 0 | @a湿地 |
| 690 | @aP941.78@v4 | |
| 690 | @aX703@v4 | |
| 701 | 0 | @a王世和@Awang shi he@4著 |
| 801 | 0 | @aCN@bNLC@c20070805 |
| 905 | @dP941.78@e119@f4 | |
| 905 | @b208512153@c45.00 | |
| 905 | @b208512162@c45.00 | |
| 905 | @b208512171@c45.00 | |
| 905 | @b208512180@c45.00 | |
| 人工湿地污水处理理论与技术/王世和著.-北京:科学出版社,2007 |
| 246页:图;24cm |
| ISBN 978-7-03-018740-6:CNY45.00 |
| 本书共分八章,内容包括:人工湿地的植物与功能、微生物与功能、人工湿地的基质条件与功能、污染物的迁移与转化、人工湿地的处理原理、强化处理技术、人工湿地的设计、建造与管理等。 |
| ● |
| 相关链接 |
|
|
|
|
正题名:人工湿地污水处理理论与技术
索取号:P941.78/119
 
预约/预借
| 序号 | 登录号 | 条形码 | 馆藏地/架位号 | 状态 | 备注 |
| 1 | 0851215 | 208512153 | 第二样本阅览室/ [索取号:P941.78/119] | 在馆 | |
| 2 | 0851216 | 208512162 | 第三借阅区/ [索取号:P941.78/119] | 在馆 | |
| 3 | 0851217 | 208512171 | 第三借阅区/ [索取号:P941.78/119] | 在馆 | |
| 4 | 0851218 | 208512180 | 第三借阅区/ [索取号:P941.78/119] | 在馆 |